It looks like you're offline.
Open Library logo
additional options menu

MARC Record from Scriblio

Record ID marc_records_scriblio_net/part26.dat:22314815:895
Source Scriblio
Download Link /show-records/marc_records_scriblio_net/part26.dat:22314815:895?format=raw

LEADER: 00895nam 2200265 a 4500
001 96137964 /MN
003 DLC
005 19961101142348.8
008 960416s1995 enkaf bc 001 0 eng
010 $a 96137964 /MN
020 $a0902793101
040 $aDLC$cDLC
043 $ae-uk-en
050 00 $aML980$b.B3 1995
082 00 $a788.4/9$221
100 1 $aBaines, Anthony.
245 10 $aBagpipes /$cby Anthony Baines ; edited by T.K. Penniman and B.M. Blackwood.
250 $a3rd ed. /$b[edited] by H.T. La Rue.
260 $aOxford :$bPitt Rivers Museum, University of Oxford,$c1995.
300 $a147, 16 p. of plates :$bill. ;$c25 cm.
440 0 $aOccasional papers on technology ;$v9
504 $aIncludes bibliographical references (p. 129-132) and index.
650 0 $aBagpipe.
650 0 $aBagpipe$xCatalogs and collections$zEngland$zOxford.
610 20 $aPitt Rivers Museum$xCatalogs.